000 00328nam a22001217a 4500
008 160423b xxu||||| |||| 00| 0 eng d
020 _a9780721681986
020 _a072168180
041 _aeng
080 _a618.2
245 _aMedical surgical nursing:
_cJoyce M. Black; Jane Hokanson Hawks; Annabelle M. Keene;
942 _2udc
_cBK
999 _c1551
_d1551